| 000 | 00607nam a22001817a 4500 | ||
|---|---|---|---|
| 003 | OSt | ||
| 005 | 20201008113421.0 | ||
| 008 | 201008b ||||| |||| 00| 0 eng d | ||
| 040 |
_aDO-SdBNP _bspa _cBNPHU |
||
| 082 | _bR426c | ||
| 110 |
_aRepùblica Dominicana. _bSecretarìa de Estado de Educaciòn _9607 |
||
| 245 | 1 | 0 |
_aCalendario escolar de la Repùblica Dominicana 2009-2010 / _cSusana Michel, coordinaciòn |
| 260 |
_aSanto Domingo : _bMinisterio de Educaciòn, _c[2009] |
||
| 300 |
_a78 p. : _bil. _c21 cm |
||
| 590 | _aInventariado, 2020 / DG | ||
| 910 | _aInventariado, 2020 / DG | ||
| 942 |
_2ddc _cLF1 |
||
| 999 |
_c48849 _d48849 |
||